Famous Holidays - Statistics

General Stats
  • This quiz has been taken 27 times
  • The average score is 8 of 10
Answer Stats
Hint Answer % Correct
Day You Were Born Birthday
100%
Presents And Santa Christmas
100%
Eggs And Bunnies Easter
100%
Pumpkins And Sweets Halloween
100%
Start Of The Year New Year
100%
Holiday Of Love Valentines Day
83%
Festival Of Lights (Jewish) Hanukkah
65%
Qur’an First Revealed To Muhammed Ramadan
65%
Festival Of Lights (Sikh,Muslim etc) Diwali
52%
Start Of The Year For The Solar Calendar Chinese New Year
39%
No matching quizzes found
Score Distribution
Percent of People with Each Score
Percentile by Number Answered
Your Score History
You have not taken this quiz